La hora de la transparencia en América Latina: el manual de anticorrupción en la función pública
Sparad:
| Huvudupphovsmän: | , |
|---|---|
| Materialtyp: | Bok |
| Språk: | spanska |
| Publicerad: |
Buenos Aires
Granica
1998
|
| Upplaga: | 1a. ed |
| Ämnen: | |
| Taggar: |
Lägg till en tagg
Inga taggar, Lägg till första taggen!
|
MARC
| LEADER | 00000cam a2200000 a 4500 | ||
|---|---|---|---|
| 001 | UCD5460 | ||
| 003 | CL-VaPUC | ||
| 008 | 160908e19980000ag |||||||||||||||||spa|d | ||
| 020 | |a 9506412510 | ||
| 082 | 0 | 4 | |a 364.1323 |b LOZ |2 21 |
| 100 | |a Lozano, Juan |e autor |9 589209 | ||
| 700 | 0 | |a Merino Dinari, Valeria |e author |9 589210 | |
| 245 | 1 | 3 | |a La hora de la transparencia en América Latina: el manual de anticorrupción en la función pública |
| 250 | |a 1a. ed | ||
| 300 | |a 223 p | ||
| 942 | |c BK | ||
| 945 | |d 20160908 17:08:00 |a dcastane | ||
| 260 | |a Buenos Aires |b Granica |c 1998 | ||
| 650 | 0 | |a Administración pública |9 255343 | |
| 650 | 0 | |a Derecho administrativo |9 254851 | |
| 650 | 0 | |a Corrupción administrativa |9 495722 | |
| 650 | 0 | |a Corrupción política |9 376572 | |
| 583 | |a last modification |c 20160908 17:08:00 |k Rodrigo Vera | ||
| 999 | |c 366121 |d 366119 | ||